| 000 | 00675nam a22002177a 4500 | ||
|---|---|---|---|
| 005 | 20171118130715.0 | ||
| 010 | _aENG-121469 | ||
| 020 |
_a9789325980860 _c199.00 |
||
| 035 | _aEN-105001 | ||
| 037 | _bDBAD/PUB | ||
| 082 | _a338.04 | ||
| 100 | _aSharma, Richa | ||
| 245 |
_aEntrepreneurship development : _cby Richa Sharma, Sapna Mathur [and] Nitin Tripathi _b(as per syllabus of uptu) / |
||
| 260 |
_aNoida _bVikas Publishing house _c2017 |
||
| 270 |
_aE-28, Sector 8, _bNoida (UP) _e201301 |
||
| 300 |
_axii,182p : _c24cm(pbk) _bill. |
||
| 505 | _aEOE-071 | ||
| 700 | _aMathur, Sapna | ||
| 700 | _aTripathi, Nitin | ||
| 942 |
_2ddc _cEN _h338.04 _mSHA |
||
| 999 |
_c147553 _d147553 |
||